Statistics for Countries with the most people of Italian descent

Click here to take the quiz!

General Stats

  • This quiz has been taken 68 times
  • The average score is 13 of 15

Answer Stats

Answer% Correct
4France
97%
3USA
97%
2Argentina
94%
1Brazil
94%
7Canada
92%
12Germany
92%
15Uk
92%
5Colombia
89%
11Mexico
88%
9Venezuela
85%
10Australia
83%
8Perú
83%
6Uruguay
82%
14Switzerland
80%
13Paraguay
68%

Score Distribution

Percentile by Number Answered

Percent of People with Each Score

Your Score History

You have not taken this quiz